[Event "Vitosha op U10 3rd"]
[Site "Vitosha"]
[Date "2017.07.01"]
[Round "3"]
[White "Manolova, Monika"]
[Black "Baklova, Mila"]
[Result "0-1"]
[WhiteElo "1122"]
[BlackElo "1155"]
[PlyCount "88"]
[EventDate "2017.07.01"]
[EventType "swiss"]
[EventRounds "6"]
[EventCountry "BUL"]
[SourceTitle "CBM 179 Extra"]
[Source "ChessBase"]
[SourceDate "2017.08.23"]
[SourceVersion "1"]
[SourceVersionDate "2017.08.23"]
[SourceQuality "1"]

1. e4 e5 2. Nf3 Nc6 3. Bb5 a6 4. Bxc6 dxc6 5. Nxe5 Qg5 6. Nd3 Qxg2 7. Rf1 Qxe4+ 8. Qe2 Qxe2+ 9. Kxe2 Bg4+ 10. Ke1 0-0-0 11. Rg1 Bf5 12. Ne5 Re8 13. f4 Bxc2 14. Kf1 Bc5 15. Rh1 Be4 16. Nxf7 Bxh1 17. Nxh8 Rf8 18. d3 Nf6 19. Nc3 Rxh8 20. Ne4 Nxe4 21. dxe4 Bxe4 22. Bd2 Rf8 23. Ke1 Kd7 24. Bc3 Rxf4 25. Bxg7 Ke6 26. Bh6 Rh4 27. Bd2 Rxh2 28. Rc1 Rh1+ 29. Ke2 Rxc1 30. Bxc1 h5 31. Bf4 h4 32. Bxc7 h3 33. Kd2 Bd6 34. Bxd6 Kxd6 35. Ke2 h2 36. a3 h1Q 37. b4 Kd5 38. a4 Qf3+ 39. Kd2 Kd4 40. b5 Qd3+ 41. Ke1 Bf3 42. Kf2 Qe2+ 43. Kg3 Qg2+ 44. Kf4 Qg4# 0-1